Essays On Hindism (Record no. 1397643)

MARC details
000 -LEADER
fixed length control field 00630nam a2200277Ia 4500
008 - FIXED-LENGTH DATA ELEMENTS--GENERAL INFORMATION
fixed length control field 160716s9999||||xx |||||||||||||| ||und||
040 ## - CATALOGING SOURCE
Transcribing agency English
082 ## - DEWEY DECIMAL CLASSIFICATION NUMBER
Classification number XIE/
082 ## - DEWEY DECIMAL CLASSIFICATION NUMBER
Item number BORI-64909
100 ## - MAIN ENTRY--PERSONAL NAME
Personal name Karan Singh
245 ## - TITLE STATEMENT
Title Essays On Hindism
260 ## - PUBLICATION, DISTRIBUTION, ETC. (IMPRINT)
Place of publication, distribution, etc New Delhi
260 ## - PUBLICATION, DISTRIBUTION, ETC. (IMPRINT)
Name of publisher, distributor, etc Ratna Sagar Pvt. Ltd
300 ## - PHYSICAL DESCRIPTION
Extent Vi+190
300 ## - PHYSICAL DESCRIPTION
Dimensions B
300 ## - PHYSICAL DESCRIPTION
Accompanying material Hardbound
530 ## - ADDITIONAL PHYSICAL FORM AVAILABLE NOTE
Uniform Resource Identifier <a href="00064909.pdf">00064909.pdf</a>
563 ## - BINDING INFORMATION
Binding note Study
600 ## - SUBJECT ADDED ENTRY--PERSONAL NAME
Personal name Karan Singh
630 ## - SUBJECT ADDED ENTRY--UNIFORM TITLE
Uniform title Essays On Hindism
650 ## - SUBJECT ADDED ENTRY--TOPICAL TERM
Topical term or geographic name as entry element General Indology
650 ## - SUBJECT ADDED ENTRY--TOPICAL TERM
Topical term or geographic name as entry element Religion
700 ## - ADDED ENTRY--PERSONAL NAME
Personal name Karan Singh
730 ## - ADDED ENTRY--UNIFORM TITLE
Uniform title Essays On Hindism
942 ## - ADDED ENTRY ELEMENTS (KOHA)
Koha item type Book

No items available.